How to turn an interview into a job
| Main Author: | |
|---|---|
| Format: | Book |
| Published: |
New York :
Simon & Schuster ,
1985
|
| Subjects: |
MARC
| LEADER | 00000cam a2200000 7i4500 | ||
|---|---|---|---|
| 001 | 0000006039 | ||
| 002 | 000006526 | ||
| 005 | 20000330.0 | ||
| 020 | |a 0671621343 | ||
| 090 | 0 | 0 | |a 158.39 |b ALL |
| 100 | 0 | |a Allen, Jeffrey G | |
| 245 | 1 | 0 | |a How to turn an interview into a job |c Jeffrey G.Allen |
| 260 | |a New York : |b Simon & Schuster , |c 1985 | ||
| 300 | |a 111 p. ; |c 22 cm. | ||
| 650 | 0 | 0 | |a Intercultural communication |
| 650 | 0 | 0 | |a Interviewing |
| 999 | |a 037867 |b BUKU |c PINJAMAN |e PERPUSTAKAAN KOMUNITI PETALING JAYA | ||